| 000 | 00473nam a22001577a 4500 | ||
|---|---|---|---|
| 003 | NUST | ||
| 005 | 20240221123946.0 | ||
| 082 | _a004 | ||
| 100 |
_aMajeed, Nausheen _935383 |
||
| 245 |
_aAdaptive Traffic Signal Control for Optimal Traffic Flow in Urban Areas of Pakistan / _cNausheen Majeed |
||
| 260 |
_6MCS _bRawalpindi _c2012 |
||
| 300 | _a48 p. ; 30cm | ||
| 650 | _2Computer Software Engineering-MS-Thesis | ||
| 700 |
_a Dr. Asif Masood _914088 |
||
| 942 |
_2ddc _cTHE |
||
| 999 |
_c607986 _d607986 |
||